[Event "FICGS theme 0257 email"]
[Site "FICGS email"]
[Date "2023.06.23"]
[Round "1"]
[White "Andreoni, Mario"]
[Black "Dyson, John"]
[Result "0-1"]
[WhiteElo "1829"]
[BlackElo "2035"]
[PlyCount "30"]
[EventDate "2023.??.??"]
[EventType "swiss (corr)"]
[EventRounds "1"]
[SourceTitle "Corr 2024"]
[Source "ChessBase"]
[SourceDate "2023.10.19"]
[SourceVersion "1"]
[SourceVersionDate "2023.10.19"]
[SourceQuality "1"]

1. Nf3 d5 2. b4 Bf5 3. Bb2 e6 4. e3 Nf6 5. c4 Be7 6. cxd5 exd5 7. a3 a5 8. b5 c5 9. bxc6 bxc6 10. Qa4 0-0 11. Be5 Nbd7 12. d4 Qb6 13. Nbd2 Qb2 14. Qd1 Bxa3 15. Be2 Bc2 0-1

[Event "LSS No Engine Cup 228 Preliminary 0"]
[Site "LSS email"]
[Date "2022.07.09"]
[Round "?"]
[White "Bieszk, Stanislaw"]
[Black "Andreoni, Mario"]
[Result "0-1"]
[WhiteElo "1320"]
[BlackElo "1866"]
[PlyCount "46"]
[EventDate "2022.07.09"]
[EventType "tourn (corr)"]
[EventRounds "6"]
[EventCountry "GER"]
[SourceTitle "Corr 2024"]
[Source "ChessBase"]
[SourceDate "2023.10.19"]
[SourceVersion "1"]
[SourceVersionDate "2023.10.19"]
[SourceQuality "1"]

1. e4 Nc6 2. Nf3 e5 3. Bc4 Nf6 4. d3 Bc5 5. c3 a6 6. h3 h6 7. Bb3 0-0 8. 0-0 d6 9. Re1 Be6 10. Bxe6 fxe6 11. b4 Ba7 12. Qb3 d5 13. exd5 Nxd5 14. Nxe5 Bxf2+ 15. Kf1 Bxe1+ 16. Kxe1 Qh4+ 17. Kd1 Nxe5 18. Kc2 Rf2+ 19. Nd2 Qg3 20. c4 Nxb4+ 21. Qxb4 Qxd3+ 22. Kb2 Nxc4+ 23. Qxc4 Qxc4 0-1

[Event "LSS No Engine Cup 226 Preliminary 0"]
[Site "LSS email"]
[Date "2022.03.27"]
[Round "?"]
[White "Andreoni, Mario"]
[Black "Wilshusen, Horst"]
[Result "1-0"]
[WhiteElo "1842"]
[BlackElo "1405"]
[PlyCount "63"]
[EventDate "2022.03.27"]
[EventType "tourn (corr)"]
[EventRounds "6"]
[EventCountry "GER"]
[SourceTitle "Corr 2024"]
[Source "ChessBase"]
[SourceDate "2023.10.19"]
[SourceVersion "1"]
[SourceVersionDate "2023.10.19"]
[SourceQuality "1"]

1. e4 e6 2. d4 d5 3. Nc3 Bb4 4. e5 c5 5. a3 Bxc3+ 6. bxc3 Qc7 7. Qg4 f5 8. Qh5+ Qf7 9. Qxf7+ Kxf7 10. c4 cxd4 11. cxd5 exd5 12. Nf3 Nc6 13. Bb2 Nge7 14. Bb5 a6 15. Ba4 b5 16. Bb3 Rd8 17. a4 Rb8 18. Bxd4 Nxd4 19. Nxd4 Bb7 20. axb5 axb5 21. f4 Nc6 22. Nxb5 Ke6 23. Kf2 Ne7 24. Rhd1 Rdc8 25. Ra7 Rc5 26. Nd6 Bc6 27. Rda1 g6 28. Rc7 Rxb3 29. cxb3 Rc2+ 30. Ke1 d4 31. Ra6 Rxg2 32. Nc8 1-0

[Event "FICGS no engines 120 email"]
[Site "FICGS email"]
[Date "2022.02.07"]
[Round "1"]
[White "Andreoni, Mario"]
[Black "Dominguez Rodriguez, Yosvany"]
[Result "0-1"]
[WhiteElo "1829"]
[BlackElo "1763"]
[PlyCount "68"]
[EventDate "2022.??.??"]
[EventType "swiss (corr)"]
[EventRounds "1"]
[SourceTitle "Corr 2024"]
[Source "ChessBase"]
[SourceDate "2023.10.19"]
[SourceVersion "1"]
[SourceVersionDate "2023.10.19"]
[SourceQuality "1"]

1. d4 Nf6 2. c4 g6 3. Nc3 d5 4. cxd5 Nxd5 5. e4 Nxc3 6. bxc3 Bg7 7. Bc4 c5 8. Ne2 Nc6 9. Be3 0-0 10. 0-0 b6 11. a4 Bb7 12. dxc5 bxc5 13. Bxc5 Qc7 14. Bd5 Rfd8 15. Qc2 e6 16. Ba2 Ba6 17. Rfd1 Ne5 18. Bd4 Ng4 19. e5 Bxe5 20. Bxe5 Nxe5 21. Nd4 Ng4 22. g3 Rxd4 23. Rxd4 Ne5 24. Rf4 Rc8 25. Rd1 Bb7 26. Qe2 g5 27. Re4 Bxe4 28. Qxe4 Qxc3 29. Bb1 f5 30. Qb7 Rc7 31. Qb8+ Kf7 32. Rd8 Qc1+ 33. Kg2 Qc6+ 34. Kg1 Rb7 0-1

[Event "FICGS no engines 120 email"]
[Site "FICGS email"]
[Date "2022.02.07"]
[Round "1"]
[White "Brand Lyard, Paul"]
[Black "Andreoni, Mario"]
[Result "0-1"]
[WhiteElo "1596"]
[BlackElo "1829"]
[PlyCount "58"]
[EventDate "2022.??.??"]
[EventType "swiss (corr)"]
[EventRounds "1"]
[SourceTitle "Corr 2024"]
[Source "ChessBase"]
[SourceDate "2023.10.19"]
[SourceVersion "1"]
[SourceVersionDate "2023.10.19"]
[SourceQuality "1"]

1. a4 e5 2. h4 d5 3. a5 Bc5 4. h5 h6 5. e3 Nf6 6. Bb5+ c6 7. Bd3 a6 8. c4 e4 9. Bc2 d4 10. exd4 Qxd4 11. Qe2 0-0 12. d3 Bg4 13. Qe3 Qd6 14. Qg3 Qxg3 15. fxg3 exd3 16. Bxd3 Nxh5 17. Rh4 Re8+ 18. Kd2 Nf6 19. Kc3 Bxg1 20. Nd2 Nbd7 21. Ne4 Nxe4+ 22. Bxe4 Rxe4 23. Bxh6 Bd4+ 24. Kd3 Nc5+ 25. Kd2 gxh6 26. Rxh6 Be3+ 27. Kc2 Rxc4+ 28. Kb1 Bf5+ 29. Ka2 Ra4# 0-1

[Event "LSS No Engine Cup 224 Preliminary 0"]
[Site "LSS email"]
[Date "2022.01.08"]
[Round "?"]
[White "Wilshusen, Horst"]
[Black "Andreoni, Mario"]
[Result "0-1"]
[WhiteElo "1417"]
[BlackElo "1600"]
[PlyCount "70"]
[EventDate "2022.01.08"]
[EventType "tourn (corr)"]
[EventRounds "6"]
[EventCountry "GER"]
[SourceTitle "Corr 2024"]
[Source "ChessBase"]
[SourceDate "2023.10.19"]
[SourceVersion "1"]
[SourceVersionDate "2023.10.19"]
[SourceQuality "1"]

1. e4 e5 2. Nc3 Nf6 3. Nf3 Bb4 4. Bc4 d6 5. d3 0-0 6. Bd2 c6 7. 0-0 Be6 8. Bb3 h6 9. Ne2 Bxd2 10. Qxd2 Nbd7 11. c3 Bg4 12. Ne1 Bxe2 13. Qxe2 d5 14. Nc2 dxe4 15. dxe4 Nc5 16. f3 Nxb3 17. axb3 Qb6+ 18. Ne3 Qxb3 19. Nc4 b5 20. Nxe5 Qe6 21. Nd3 a5 22. Rfd1 Qe7 23. Qf2 a4 24. Nc5 Rad8 25. g4 g6 26. Kg2 Kg7 27. h3 g5 28. b3 Rxd1 29. Rxd1 a3 30. b4 Ra8 31. Qa2 Qe5 32. Rd4 h5 33. Rd3 hxg4 34. hxg4 Rh8 35. Kg1 Qg3+ 0-1

[Event "LSS No Engine Cup 223 Preliminary 0"]
[Site "LSS email"]
[Date "2021.11.19"]
[Round "?"]
[White "Andreoni, Mario"]
[Black "Lombardi, Donato"]
[Result "1-0"]
[WhiteElo "1600"]
[BlackElo "1086"]
[PlyCount "75"]
[EventDate "2021.11.19"]
[EventType "tourn (corr)"]
[EventRounds "6"]
[EventCountry "GER"]
[SourceTitle "Corr 2024"]
[Source "ChessBase"]
[SourceDate "2023.10.19"]
[SourceVersion "1"]
[SourceVersionDate "2023.10.19"]
[SourceQuality "1"]

1. e4 e6 2. d4 d5 3. Nc3 Nf6 4. e5 Nfd7 5. Nce2 c5 6. c3 Nc6 7. f4 cxd4 8. cxd4 Qb6 9. Nf3 Bb4+ 10. Kf2 0-0 11. Kg3 f6 12. h4 fxe5 13. fxe5 Ne7 14. Rh3 Nf5+ 15. Kh2 Qd8 16. Nf4 Be7 17. Nxe6 Qb6 18. Nxf8 Nxf8 19. g4 Nh6 20. Bxh6 Qxh6 21. g5 Qh5 22. Ng1 Qxd1 23. Rxd1 Bxh3 24. Bxh3 Re8 25. Rc1 Ng6 26. Kg3 Rf8 27. Rc7 Bb4 28. Nf3 Ne7 29. a3 Nc6 30. axb4 Nxb4 31. Rxb7 Nd3 32. Be6+ Kh8 33. Bxd5 a5 34. Be4 Nb4 35. h5 Rd8 36. Rb5 h6 37. gxh6 gxh6 38. Rxa5 1-0

[Event "FICGS no engines 117 email"]
[Site "FICGS email"]
[Date "2021.09.26"]
[Round "1"]
[White "Andreoni, Mario"]
[Black "Bonoldi, Fabio"]
[Result "1/2-1/2"]
[WhiteElo "1829"]
[BlackElo "1961"]
[PlyCount "83"]
[EventDate "2021.??.??"]
[EventType "swiss (corr)"]
[EventRounds "1"]
[SourceTitle "Corr 2024"]
[Source "ChessBase"]
[SourceDate "2023.10.19"]
[SourceVersion "1"]
[SourceVersionDate "2023.10.19"]
[SourceQuality "1"]

1. e4 g6 2. d4 Bg7 3. Nf3 d6 4. Bc4 e6 5. 0-0 Ne7 6. h4 h5 7. c3 a6 8. Re1 b5 9. Bf1 Bb7 10. a4 Nd7 11. Nbd2 0-0 12. axb5 axb5 13. Rxa8 Qxa8 14. Bxb5 Nf6 15. Bd3 Ba6 16. Nf1 Bxd3 17. Qxd3 Qb7 18. b4 Ra8 19. Ng3 Ra2 20. Ng5 Ng4 21. Rf1 Qc6 22. b5 Qb6 23. Qf3 Bf6 24. e5 dxe5 25. dxe5 Bxg5 26. Bxg5 Nf5 27. Ne4 Qxb5 28. Nf6+ Nxf6 29. Bxf6 c6 30. Rd1 Ra8 31. Rd6 Rc8 32. Qd1 Qb6 33. c4 Nh6 34. Qf3 Ng4 35. g3 Nxf6 36. exf6 Qc5 37. Qf4 Qf5 38. Qd4 Kh7 39. Rd7 Rf8 40. Qd6 Qb1+ 41. Kh2 Qf5 42. Qxf8 1/2-1/2

[Event "FICGS theme 0002 email"]
[Site "FICGS email"]
[Date "2020.11.13"]
[Round "1"]
[White "Andreoni, Mario"]
[Black "Ortiz, Jose"]
[Result "1-0"]
[WhiteElo "1829"]
[BlackElo "1730"]
[PlyCount "55"]
[EventDate "2020.??.??"]
[EventType "swiss (corr)"]
[EventRounds "1"]
[SourceTitle "Corr 2022"]
[Source "ChessBase"]
[SourceDate "2021.10.24"]
[SourceVersion "1"]
[SourceVersionDate "2021.10.24"]
[SourceQuality "1"]

1. c4 Nf6 2. Nc3 c5 3. g3 d5 4. cxd5 Nxd5 5. Bg2 Nc7 6. Nf3 h6 7. d4 e6 8. 0-0 Bd6 9. dxc5 Bxc5 10. Qxd8+ Kxd8 11. Ne4 Be7 12. Bf4 f5 13. Rfd1+ Bd7 14. Ne5 Nd5 15. Nf7+ Ke8 16. Nxh8 Nc6 17. Nd6+ Bxd6 18. Bxd6 Rd8 19. Rxd5 Nb4 20. Rd2 Bc6 21. Bxb4 Bd7 22. Rad1 b6 23. Rxd7 Rxd7 24. Bc6 Kd8 25. Rxd7+ Kc8 26. Nf7 a5 27. Bd6 g5 28. Rd8# 1-0

[Event "FICGS no engines 00 email"]
[Site "FICGS email"]
[Date "2020.05.24"]
[Round "1"]
[White "Andreoni, Mario"]
[Black "Pintor, Manuel Abranches"]
[Result "1-0"]
[WhiteElo "1829"]
[BlackElo "1510"]
[PlyCount "133"]
[EventDate "2020.??.??"]
[EventType "swiss (corr)"]
[EventRounds "1"]
[SourceTitle "Corr 2022"]
[Source "ChessBase"]
[SourceDate "2021.10.24"]
[SourceVersion "1"]
[SourceVersionDate "2021.10.24"]
[SourceQuality "1"]

1. e4 e5 2. Nf3 Nc6 3. Bb5 Bc5 4. 0-0 Qf6 5. c3 Nge7 6. d4 exd4 7. Bxc6 Nxc6 8. e5 Qg6 9. cxd4 Bb6 10. Nc3 0-0 11. Nd5 Qe4 12. Nxb6 axb6 13. Be3 d6 14. exd6 cxd6 15. a3 Bg4 16. Nd2 Qg6 17. f3 Bf5 18. Re1 Rae8 19. Rc1 h5 20. Bf2 d5 21. Nf1 Rxe1 22. Qxe1 Be6 23. b4 Qd3 24. Rc3 Qg6 25. f4 Bf5 26. Ng3 Bg4 27. b5 Nd8 28. Kh1 Ne6 29. h3 h4 30. Nf1 Nxf4 31. hxg4 Qxg4 32. Ne3 Qh5 33. Qd1 Qh7 34. Qg4 Ng6 35. Rc8 Ne7 36. Rxf8+ Kxf8 37. Qd7 f6 38. Nxd5 Nxd5 39. Qd8+ Kf7 40. Qxd5+ Kf8 41. Qd6+ Ke8 42. Qb8+ Kf7 43. Qxb7+ Kf8 44. Qc8+ Kf7 45. Qc4+ Kf8 46. d5 h3 47. Qc8+ Kf7 48. Qe6+ Kf8 49. Qxh3 Qb1+ 50. Kh2 Qxb5 51. Qe6 Qc4 52. Bxb6 Qf4+ 53. Kh3 Qh6+ 54. Kg3 Qg5+ 55. Kf3 Qh5+ 56. Ke3 Qg5+ 57. Kd4 Qd2+ 58. Kc4 Qc2+ 59. Kb5 Qb3+ 60. Kc6 Qa4+ 61. Kb7 Qb5 62. a4 Qc4 63. a5 Qb4 64. a6 Qe7+ 65. Qxe7+ Kxe7 66. Bc5+ Kf7 67. a7 1-0

[Event "FICGS theme 0002 email"]
[Site "FICGS email"]
[Date "2018.03.24"]
[Round "1"]
[White "Romig, James"]
[Black "Andreoni, Mario"]
[Result "1-0"]
[WhiteElo "1878"]
[BlackElo "1786"]
[PlyCount "77"]
[EventDate "2018.??.??"]
[EventType "swiss (corr)"]
[EventRounds "1"]
[SourceTitle "Corr 2022"]
[Source "ChessBase"]
[SourceDate "2021.10.24"]
[SourceVersion "1"]
[SourceVersionDate "2021.10.24"]
[SourceQuality "1"]

1. e4 c5 2. Nf3 a6 3. c3 e6 4. d4 d5 5. exd5 exd5 6. Bd3 Nc6 7. 0-0 Bd6 8. Re1+ Nge7 9. dxc5 Bxc5 10. Nbd2 0-0 11. Nb3 Bd6 12. Qc2 g6 13. Bh6 Re8 14. h3 f6 15. Nbd4 Bd7 16. Nxc6 bxc6 17. c4 Qa5 18. cxd5 cxd5 19. Bd2 Qb6 20. Bc3 Kg7 21. Qd2 a5 22. a3 a4 23. Rad1 Bc5 24. Bb1 Rad8 25. Ba2 h6 26. Nh4 g5 27. Nf3 Nf5 28. Rxe8 Rxe8 29. Bxd5 Ne3 30. Ba2 Bb5 31. Rc1 Nf5 32. Bb4 Bxb4 33. Qd5 Nd6 34. axb4 Bd7 35. Re1 Rxe1+ 36. Nxe1 Qb8 37. Nc2 Bf5 38. Nd4 Be4 39. Qe6 1-0

[Event "FICGS theme 0002 email"]
[Site "FICGS email"]
[Date "2017.12.14"]
[Round "1"]
[White "Andreoni, Mario"]
[Black "Sternik, Ryszard"]
[Result "0-1"]
[WhiteElo "1786"]
[BlackElo "1925"]
[PlyCount "88"]
[EventDate "2017.??.??"]
[EventType "swiss (corr)"]
[EventRounds "1"]
[SourceTitle "Corr 2022"]
[Source "ChessBase"]
[SourceDate "2021.10.24"]
[SourceVersion "1"]
[SourceVersionDate "2021.10.24"]
[SourceQuality "1"]

1. e4 c5 2. Nf3 a6 3. c3 d5 4. exd5 Qxd5 5. d4 Nf6 6. Be2 e6 7. 0-0 cxd4 8. Qxd4 Qxd4 9. Nxd4 e5 10. Nb3 Be6 11. N1d2 Nc6 12. Bc4 Nd5 13. Re1 f6 14. Nf1 Kf7 15. Be3 Be7 16. Bc5 Nf4 17. Bxe6+ Nxe6 18. Bxe7 Kxe7 19. Ne3 Rhd8 20. Rad1 b5 21. g3 Kf7 22. f3 g6 23. Kf2 Rab8 24. Re2 Rxd1 25. Nxd1 Rd8 26. Rd2 Rxd2+ 27. Nxd2 f5 28. Ke3 Nc5 29. Nf2 Ke6 30. Nd3 Nxd3 31. Kxd3 h5 32. h4 Kd5 33. b3 b4 34. c4+ Kc5 35. Ke3 Nd4 36. Kd3 a5 37. Ke3 Ne6 38. Kd3 Kd6 39. Ke3 Nc5 40. Ke2 a4 41. Kf2 a3 42. Ke3 Ke6 43. Ke2 f4 44. gxf4 exf4 0-1

[Event "FICGS theme 0002 email"]
[Site "FICGS email"]
[Date "2016.10.30"]
[Round "1"]
[White "Andreoni, Mario"]
[Black "Benone, Mateia"]
[Result "1-0"]
[WhiteElo "1786"]
[BlackElo "1185"]
[PlyCount "25"]
[EventDate "2016.??.??"]
[EventType "swiss (corr)"]
[EventRounds "1"]
[SourceTitle "Corr 2022"]
[Source "ChessBase"]
[SourceDate "2021.10.24"]
[SourceVersion "1"]
[SourceVersionDate "2021.10.24"]
[SourceQuality "1"]

1. d4 Nf6 2. Bg5 Ne4 3. Bf4 g5 4. Bc1 c5 5. f3 Qa5+ 6. c3 Nd6 7. Nd2 cxd4 8. Nb3 Qd5 9. e4 Qe5 10. cxd4 Qg7 11. e5 Nf5 12. Qc2 e6 13. Qxc8+ 1-0

[Event "FICGS theme 0002 email"]
[Site "FICGS email"]
[Date "2016.10.30"]
[Round "1"]
[White "Foster, Duncan"]
[Black "Andreoni, Mario"]
[Result "1-0"]
[WhiteElo "1584"]
[BlackElo "1786"]
[PlyCount "103"]
[EventDate "2016.??.??"]
[EventType "swiss (corr)"]
[EventRounds "1"]
[SourceTitle "Corr 2022"]
[Source "ChessBase"]
[SourceDate "2021.10.24"]
[SourceVersion "1"]
[SourceVersionDate "2021.10.24"]
[SourceQuality "1"]

1. d4 Nf6 2. Bg5 c5 3. Nc3 Qb6 4. d5 Qxb2 5. Bd2 Qb6 6. e4 e5 7. f4 d6 8. Nf3 exf4 9. e5 dxe5 10. Nxe5 Be7 11. Bb5+ Nfd7 12. 0-0 0-0 13. Bxf4 Bf6 14. Nc4 Qd8 15. Qd3 a6 16. Bxd7 Nxd7 17. Rae1 Bd4+ 18. Kh1 Nf6 19. Ne4 Bf5 20. Nxf6+ Qxf6 21. Qe2 Qd8 22. Qf3 Bxc2 23. Bd6 Qf6 24. Qe2 Qg6 25. Rf3 Rfd8 26. Bc7 h5 27. Nb6 Bf5 28. Nxa8 Rxa8 29. Qe7 Bf6 30. Qxc5 Be4 31. Rf2 Bh4 32. Bg3 Bxg3 33. hxg3 f5 34. d6 Qe6 35. Qc7 Qe5 36. Qc4+ Kh7 37. d7 Rd8 38. Qf7 Qf6 39. Qxh5+ Qh6 40. Qxh6+ Kxh6 41. Rd2 Kg6 42. Rd6+ Kf7 43. g4 Bc6 44. gxf5 Rxd7 45. Rxd7+ Bxd7 46. Rb1 b5 47. g4 g6 48. Rd1 Bc6+ 49. Kh2 gxf5 50. g5 a5 51. Rd6 Be4 52. Kg3 1-0

[Event "FICGS theme 0002 email"]
[Site "FICGS email"]
[Date "2016.10.30"]
[Round "1"]
[White "Hilbert, Stephan"]
[Black "Andreoni, Mario"]
[Result "0-1"]
[WhiteElo "1354"]
[BlackElo "1786"]
[PlyCount "48"]
[EventDate "2016.??.??"]
[EventType "swiss (corr)"]
[EventRounds "1"]
[SourceTitle "Corr 2022"]
[Source "ChessBase"]
[SourceDate "2021.10.24"]
[SourceVersion "1"]
[SourceVersionDate "2021.10.24"]
[SourceQuality "1"]

1. d4 Nf6 2. Bg5 c5 3. Nf3 Qb6 4. b3 Ne4 5. Be3 e6 6. c4 Qa5+ 7. Bd2 Nxd2 8. Qxd2 Qxd2+ 9. Nbxd2 Nc6 10. e3 cxd4 11. exd4 Be7 12. a3 d5 13. c5 e5 14. dxe5 Bxc5 15. b4 Bb6 16. Bb5 Bd7 17. 0-0 0-0 18. Bd3 Rfe8 19. Ng5 Nxe5 20. Bxh7+ Kf8 21. Bc2 Rac8 22. Bb3 Bb5 23. Rfe1 Bxf2+ 24. Kxf2 Nd3+ 0-1